000 00663nam a22002417a 4500
999 _c458608
_d458608
001 5150436
003 UA-OsUOA
005 20200326105403.0
008 200326b un ||||| |||| 00| 0 ukr d
040 _aUA-OsUOA
_bukr
_cUA-OsUOA
_dUA-OsUOA
041 _aukr
080 _a821
090 _a821
_bП81
100 _aПронин В
245 _aКатулл
260 _aМосква
_bМолодая гвардия
_c1993
300 _a300 с.
650 _282
650 _2821
942 _2udc
_cBK
955 _a3